Interpolation spaces : an introduction /
Guardado en:
| Autor Principal: | |
|---|---|
| Otros Autores: | |
| Formato: | Libro |
| Idioma: | English |
| Publicado: |
Berlin ; New York :
Springer-Verlag,
1976.
|
| Series: | Grundlehren der mathematischen Wissenschaften ;
223 |
| Materias: | |
| Etiquetas: |
Agregar Etiqueta
Sin Etiquetas, Sea el primero en etiquetar este registro!
|
| LEADER | 00840cam a2200253 a 4500 | ||
|---|---|---|---|
| 001 | MAT.inmabb005876 | ||
| 008 | 760718s1976####gw#a#####b####001#0#eng## | ||
| 005 | 20160201191014.0 | ||
| 245 | 1 | 0 | |a Interpolation spaces : |b an introduction / |c Jöran Bergh, Jörgen Löfström. |
| 260 | |a Berlin ; |a New York : |b Springer-Verlag, |c 1976. | ||
| 300 | |a x, 207 p. : |b il. ; |c 25 cm. | ||
| 440 | 0 | |a Grundlehren der mathematischen Wissenschaften ; |v 223 | |
| 504 | |a Bibliografía: p. [196]-204. | ||
| 500 | |a Incluye índice. | ||
| 510 | 4 | |a MR, |c 58 #2349 | |
| 020 | |a 0387078754 (U.S.) | ||
| 020 | |z 0387078755 (U.S.) | ||
| 100 | 1 | |a Bergh, Jöran, |d 1941- | |
| 700 | 1 | |a Löfström, Jörgen, |d 1937- | |
| 650 | 0 | |a Interpolation spaces. | |
| 084 | |a 46M35 |2 msc2000 | ||
| 010 | |a 76026487 | ||
| 040 | |a DLC |c DLC |d DLC | ||
| 859 | |h 46 |i B496 |p A-4487 |b BIB. MATEMATICA | ||
